Places To Study

There are group study rooms, individual study carrels, computer labs, and other spaces to study in the Libraries.

Reserve A Group Room

Online Resources

Access thousands of eBooks, audiobooks, and online journals from the comfort of your home.

Explore Resources

Events and Workshops

Join our upcoming events and workshops to enhance your skills and knowledge.

View Events

တက္ကသိုလ်ပညာပဒေသာစာစောင် စာပေဆောင်ပါးများ (၁၉၆၆-၁၉၈၄) / (Record no. 2655)

MARC details
000 -LEADER
fixed length control field 01005nam a22001937a 4500
003 - CONTROL NUMBER IDENTIFIER
control field OSt
005 - DATE AND TIME OF LATEST TRANSACTION
control field 20251202165902.0
008 - FIXED-LENGTH DATA ELEMENTS--GENERAL INFORMATION
fixed length control field 251202b |||||||| |||| 00| 0 eng d
040 ## - CATALOGING SOURCE
Transcribing agency DCL
041 ## - LANGUAGE CODE
Language code of text/sound track or separate title Myanmar
082 ## - DEWEY DECIMAL CLASSIFICATION NUMBER
Classification number ၈၉၅.၈
245 ## - TITLE STATEMENT
Title တက္ကသိုလ်ပညာပဒေသာစာစောင် စာပေဆောင်ပါးများ (၁၉၆၆-၁၉၈၄) /
Statement of responsibility, etc. ဒေါက်တာခင်အေး...[နှင့်အခြား]။
260 ## - PUBLICATION, DISTRIBUTION, ETC.
Place of publication, distribution, etc. ရန်ကုန် ၊
Name of publisher, distributor, etc. တက္ကသိုလ်ဘာသာပြန်နှင့်စာအုပ်ထုတ်ဝေရေးဌာန၊
Date of publication, distribution, etc. ၂၀၁၈။
300 ## - PHYSICAL DESCRIPTION
Extent ၇၇၀ စာမျက်နှာ ၊
Dimensions ၂၅ စင်တီ။
500 ## - GENERAL NOTE
General note ကျမ်းကိုးစာရင်းပါသည်။
650 ## - SUBJECT ADDED ENTRY--TOPICAL TERM
Topical term or geographic name entry element မြန်မာစာပေ
650 ## - SUBJECT ADDED ENTRY--TOPICAL TERM
Topical term or geographic name entry element မြန်မာဆောင်းပါးများ
942 ## - ADDED ENTRY ELEMENTS (KOHA)
Source of classification or shelving scheme Dewey Decimal Classification
Koha item type Short Term
Suppress in OPAC No
Holdings
Withdrawn status Lost status Source of classification or shelving scheme Damaged status Not for loan Collection Accession No. Home library Current library Shelving location Date acquired Total checkouts Full call number Barcode Date last seen Price effective from Koha item type
    Dewey Decimal Classification     Myanmar Collection ၁၈၁၁ Dhammadhara Dhammadhara Myanmar Shelves 02/12/2025   ၈၉၅.၈ တက် ၁၈၁၁ MB00001811 02/12/2025 02/12/2025 Short Term
    Dewey Decimal Classification   Not For Loan Reference Collection ၇၁၆ Dhammadhara Dhammadhara Reference Shelves 02/12/2025   ၈၉၅.၈ တက် ၇၁၆ (ရည်) MB00000716 04/12/2025 02/12/2025 Reference Books